Религиоведение: учебное пособие

Бібліографічні деталі
Інші автори: Солдатов А. В. (редактор)
Резюме:В последнее время во всем мире усиливается интерес к религиозной тематике, особенно это характерно для современной России. Провозглашенные Конституцией РФ свобода совести и равенства всех религий предоставляют гражданам России право на выбор: принадлежать к той или иной религии либо не принадлежать ни к какой из них. Чтобы использовать это право разумно, человеку необходимы знания, которое призвано дать религиоведение — наука о религии. Предлагаемый учебник отличается от своих предшественников широтой спектра представленных научных проблем, связанных с религией: методологических, исторических, социологических, философских, что наиболее полно соответствует государственному образовательному стандарту. Уникален он и по составу авторов: в написании учебника принимали участие ученые-религиоведы различных специальностей — философы, историки, социологи, богословы (теологи), представляющие различные религиозные конфессии. Учебник может быть рекомендован преподавателям и студентам вузов, а также всем, кто интересуется религиозной проблематикой.
Мова:Російська
Опубліковано: СПб., Лань, 2004
Редагування:5-е изд., стер.
Серія:Учебники для вузов. Специальная литература
Предмети:
Формат: Книга
KOHA link:https://koha.lib.tpu.ru/cgi-bin/koha/opac-detail.pl?biblionumber=105743

MARC

LEADER 00000nam0a2200000 4500
001 105743
005 20231031114614.0
010 |a 5811405057 
035 |a (RuTPU)RU\TPU\book\114103 
090 |a 105743 
100 |a 20061121d2004 m y0rusy50 ca 
101 0 |a rus 
102 |a RU 
105 |a y j 000zy 
200 1 |a Религиоведение  |e учебное пособие  |f под ред. А. В. Солдатова 
205 |a 5-е изд., стер. 
210 |a СПб.  |c Лань  |d 2004 
215 |a 800 с. 
225 1 |a Учебники для вузов. Специальная литература 
330 |a В последнее время во всем мире усиливается интерес к религиозной тематике, особенно это характерно для современной России. Провозглашенные Конституцией РФ свобода совести и равенства всех религий предоставляют гражданам России право на выбор: принадлежать к той или иной религии либо не принадлежать ни к какой из них. Чтобы использовать это право разумно, человеку необходимы знания, которое призвано дать религиоведение — наука о религии. Предлагаемый учебник отличается от своих предшественников широтой спектра представленных научных проблем, связанных с религией: методологических, исторических, социологических, философских, что наиболее полно соответствует государственному образовательному стандарту. Уникален он и по составу авторов: в написании учебника принимали участие ученые-религиоведы различных специальностей — философы, историки, социологи, богословы (теологи), представляющие различные религиозные конфессии. Учебник может быть рекомендован преподавателям и студентам вузов, а также всем, кто интересуется религиозной проблематикой. 
451 1 |0 (RuTPU)RU\TPU\book\61705  |y 5-8114-0505-7  |t Религиоведение  |o учебное пособие для вузов  |f Науч. ред. А. В. Солдатов  |e 4-е изд., испр. и доп.  |c СПб.  |c М.  |c Краснодар  |n Лань  |d 2003  |p 797 с.  |s Учебники для вузов. Специальная литература 
610 1 |a религия 
610 1 |a религиоведение 
610 1 |a методология 
610 1 |a философия 
610 1 |a наука 
610 1 |a религиозное мировоззрение 
610 1 |a история 
610 1 |a Древний мир 
610 1 |a Древний Египет 
610 1 |a Древняя Греция 
610 1 |a Древний Рим 
610 1 |a Месопотамия 
610 1 |a индуизм 
610 1 |a зороастризм 
610 1 |a конфуцианство 
610 1 |a буддизм 
610 1 |a христианство 
610 1 |a ислам 
610 1 |a православие 
610 1 |a Россия 
610 1 |a Киевская Русь 
610 1 |a крещение Руси 
610 1 |a общество 
610 1 |a мораль 
610 1 |a религиозная вера 
610 1 |a психология 
610 1 |a социология 
610 1 |a секты 
610 1 |a теософия 
610 1 |a оккультизм 
610 1 |a государство 
610 1 |a церковь 
610 1 |a учебные пособия 
686 |a Э210я73  |v LBC/SL-A  |2 rubbk 
702 1 |a Солдатов  |b А. В.  |4 340 
801 1 |a RU  |b 63413507  |c 20061121  |g PSBO 
801 2 |a RU  |b 63413507  |c 20150611  |g PSBO 
900 |a Культурология 
900 |a Религиоведение 
942 |c BK 
955 |a 540200 
959 |a 96/20061120  |d 2  |e 0  |f АНЛ:2